| 000 | 00707cam a2200229 a 4500 | ||
|---|---|---|---|
| 001 | 4496997 | ||
| 005 | 20251209144720.0 | ||
| 008 | 970514s1997 paua d 000 0 eng | ||
| 020 | _a0721662781 | ||
| 020 | _a9780721662787 | ||
| 050 | 0 | 0 |
_aR121 _b.M65 1997 |
| 082 | 0 | 0 |
_a610/.3 _221 |
| 100 | 1 |
_aMiller, Benjamin Frank, _d1907-1971. |
|
| 245 | 1 | 0 | _aMiller-Keane Encyclopedia & dictionary of medicine, nursing & allied health. |
| 250 | _a6th ed. | ||
| 260 |
_aPhiladelphia : _bSaunders, _cc1997. |
||
| 300 |
_axxxii, 1960 p. : _bill. (some col.) ; _c26 cm. |
||
| 650 | 0 |
_aMedicine _xDictionaries. |
|
| 650 | 0 |
_aNursing _xDictionaries. |
|
| 700 | 1 | _aKeane, Claire Brackman. | |
| 942 |
_2lcc _cBK _e6th ed. _n0 |
||
| 999 |
_c8520 _d8520 |
||